01004nam a22001937a 4500003000900000008004100009040007100050082004500121110005500166245006800221260004200289300002800331440006100359505029000420650001400710650001800724650001300742710005500755AR-CdUCM190425b ||||| |||| 00| 0 spa d aMUNICIPALIDAD PROVINCIAL DEL CUSCOcBIBLIOTECA MUNICIPAL DEL CUSCO aRev.Univ/N°30/1919bRev.Univ/N°30/1919 aUniversidad Nacional de San Antonio Abad del Cusco aRevista Universitaria :bÓrgano de la Universidad del Cuzco / aCusco :bEl Trabajo,cdiciembre,1919. a76 páginas. :c20 cm. aRevista UniversitarianAño VIII, diciembre 1919, N°30 aContenido: Memoria del Sr. Rector de la Universidad del Cuzco. Alberto A. Giesecke, correspondiente al año académico de 1919. -- El impuesto sobre la renta en el Perú marcha de la universidad en 1919. -- Documentos anexos a la memoria del mismo año. -- Crónica universitaria. aImpuestos aUniversidades aSiglo XX aUniversidad Nacional de San Antonio Abad del Cusco